Elenca la formazione - Quiz n°186 - Statistics

Statistiche generali
  • Questo quiz è stato fatto 83 volte
  • Il punteggio medio è 10 su 11
Statistiche sulle risposte
Ruolo Nazione Calciatore % Corretto
Ala Portogallo Rafael Leão
100%
Centrocampista Costa d'Avorio Franck Kessié
99%
Portiere Italia Gianluigi Donnarumma
99%
Attaccante Svezia Zlatan Ibrahimović
99%
Difensore Francia Theo Hernández
97%
Difensore Italia Davide Calabria
94%
Centrocampista Algeria Ismaël Bennacer
94%
Difensore Danimarca Simon Kjær
94%
Trequartista Turchia Hakan Çalhanoğlu
93%
Difensore Italia Alessio Romagnoli
82%
Ala Belgio Alexis Saelemaekers
78%
Nessun quiz corrispondente trovato
Distribuzione punteggi
Percentuale di utenti per punteggio
Percentile per numero di risposta
I tuoi punteggi nel tempo
Non hai fatto questo quiz